书目信息 |
| 题名: |
新疆志略
|
|
| 作者: | 许崇灏 编著 ;阿地力·艾尼 点校 | |
| 分册: | 初编 西北边疆卷 | |
| 出版信息: | 哈尔滨 黑龙江教育出版社 2015 |
|
| 页数: | 12,323页 | |
| 开本: | 23cm | |
| 丛书名: | 中国边疆研究文库 | |
| 单 册: | ||
| 中图分类: | K294.5 | |
| 科图分类: | ||
| 主题词: | ||
| 电子资源: | ||
| ISBN: | 978-7-5316-7503-7 | |
| 000 | 01063nam0 22002891 450 | |
| 001 | 1752551328 | |
| 005 | 20170602161244.0 | |
| 010 | @a978-7-5316-7503-7@dCNY42.00 | |
| 100 | @a20160315d2015 em y0chiy50 ea | |
| 101 | 0 | @achi |
| 102 | @aCN@b230000 | |
| 105 | @ay z 000yy | |
| 106 | @ar | |
| 200 | 1 | @a新疆志略@Axin jiang zhi lue@h初编@i西北边疆卷@h四@f于逢春,厉声主编 |
| 210 | @a哈尔滨@c黑龙江教育出版社@d2015 | |
| 215 | @a12,323页@d23cm | |
| 225 | 2 | @a中国边疆研究文库@Azhong guo bian jiang yan jiu wen ku |
| 300 | @a国家出版基金项目 | |
| 314 | @a许崇灏编著,阿地力·艾尼点校 | |
| 330 | @a本书分为新疆之历史沿革、新疆之地理环境、新疆之县市、新疆之种族与宗教生活、新疆之经济概况、新疆之三大问题、民国以来之新疆教育、盛世才十年来之新疆建设等十三章。 | |
| 461 | 0 | @12001 @a中国边疆研究文库 |
| 607 | @a新疆@Axin jiang@x地方志 | |
| 690 | @aK294.5@v5 | |
| 701 | 0 | @a许崇灏@Axu chong hao@f(1881~1957)@4编著 |
| 702 | 0 | @c(维)@a阿地力·艾尼@Aa di li ai ni@f(1969~)@4点校 |
| 801 | 0 | @aCN@bTANG WEI@c20170531 |
| 905 | @b0971353-7@dK294.5@e326@f5 | |
| 新疆志略.初编.西北边疆卷.四/于逢春,厉声主编.-哈尔滨:黑龙江教育出版社,2015 |
| 12,323页;23cm.-(中国边疆研究文库) |
| 国家出版基金项目 |
| ISBN 978-7-5316-7503-7:CNY42.00 |
| 本书分为新疆之历史沿革、新疆之地理环境、新疆之县市、新疆之种族与宗教生活、新疆之经济概况、新疆之三大问题、民国以来之新疆教育、盛世才十年来之新疆建设等十三章。 |
| ● |
| 相关链接 |
|
|
|
|
正题名:新疆志略
索取号:K294.5/326
 
预约/预借
| 序号 | 登录号 | 条形码 | 馆藏地/架位号 | 状态 | 备注 |
| 1 | 0971353 | 209713531 | 第二样本阅览室/ [索取号:K294.5/326] | 在馆 | |
| 2 | 0971354 | 209713540 | 第二借阅区/ [索取号:K294.5/326] | 在馆 | |
| 3 | 0971355 | 209713559 | 第二借阅区/ [索取号:K294.5/326] | 在馆 | |
| 4 | 0971356 | 209713568 | 第二借阅区/ [索取号:K294.5/326] | 在馆 | |
| 5 | 0971357 | 209713577 | 密集书库-史法系/ [索取号:K294.5/326] | 在馆 |